000 00249nam a2200109Ia 4500
008 220204s9999 xx 000 0 und d
082 _a82-3
_bGAN
100 _aGantzer, Hugh
245 0 _aFlashpoint
260 _aNew Delhi
_bVikas
_c1978
942 _cBK
999 _c29511
_d29511